[Event "DVM U20 2020"]
[Site "Willingen GER"]
[Date "2021.06.26"]
[Round "5"]
[White "Prieb, Robert"]
[Black "Pivtorak, Illia"]
[Result "1/2-1/2"]
[Termination "normal"]
[Board "2.4"]
[WhiteTitle "CM"]
[WhiteElo "2040"]
[BlackElo "1509"]
[WhiteClock "00:06:15"]
[BlackClock "00:20:02"]
[WhiteTeam "Schachgesellschaft Bochum 1931"]
[BlackTeam "Schachklub König Plauen"]
[PlyCount "146"]
[WhiteFideId "16212002"]
[BlackFideId "14194317"]
[EventCountry "GER"]
[EventRounds "7"]
[EventType "team-swiss"]
[EventDate "2021.06.23"]

1. d4 {[%clk 01:30:56]} {[%emt 00:00:03]} Nf6 {[%clk 01:30:53]} {[%emt
00:00:07]} 2. c4 {[%clk 01:31:17]} {[%emt 00:00:09]} g6 {[%clk 01:31:19]}
{[%emt 00:00:06]} 3. Nc3 {[%clk 01:31:34]} {[%emt 00:00:12]} Bg7 {[%clk
01:31:39]} {[%emt 00:00:10]} 4. e4 {[%clk 01:31:49]} {[%emt 00:00:15]} d6
{[%clk 01:31:44]} {[%emt 00:00:26]} 5. Nf3 {[%clk 01:31:55]} {[%emt 00:00:22]}
O-O {[%clk 01:32:09]} {[%emt 00:00:06]} 6. Be2 {[%clk 01:31:51]} {[%emt
00:00:34]} e5 {[%clk 01:32:33]} {[%emt 00:00:05]} 7. O-O {[%clk 01:31:48]}
{[%emt 00:00:34]} Nc6 {[%emt 00:00:06]} 8. d5 {[%clk 01:31:50]} {[%emt
00:00:26]} Ne7 {[%clk 01:33:23]} {[%emt 00:00:06]} 9. Ne1 {[%clk 01:31:35]}
{[%emt 00:00:45]} Ne8 {[%clk 01:33:46]} {[%emt 00:00:07]} 10. Be3 {[%clk
01:31:49]} {[%emt 00:00:16]} f5 {[%clk 01:33:14]} {[%emt 00:01:02]} 11. f3
{[%clk 01:32:05]} {[%emt 00:00:14]} f4 {[%clk 01:26:37]} {[%emt 00:07:07]} 12.
Bf2 {[%clk 01:32:25]} {[%emt 00:00:09]} g5 {[%clk 01:23:49]} {[%emt 00:03:18]}
13. Rc1 {[%clk 01:31:36]} {[%emt 00:01:20]} h5 {[%clk 01:19:10]} {[%emt
00:05:09]} 14. c5 {[%clk 01:30:42]} {[%emt 00:01:24]} Bd7 {[%clk 01:10:32]}
{[%emt 00:09:07]} 15. cxd6 {[%clk 01:28:28]} {[%emt 00:02:44]} cxd6 {[%clk
01:06:50]} {[%emt 00:04:13]} 16. Nb5 {[%clk 01:25:16]} {[%emt 00:03:42]} a6
{[%clk 01:04:24]} {[%emt 00:02:57]} 17. Na3 {[%clk 01:25:22]} {[%emt 00:00:23]}
b5 {[%clk 00:59:10]} {[%emt 00:05:44]} 18. Nac2 {[%clk 01:22:15]} {[%emt
00:03:36]} Nf6 {[%clk 00:57:25]} {[%emt 00:02:16]} 19. Nb4 {[%clk 01:19:28]}
{[%emt 00:03:17]} Rc8 {[%clk 00:52:33]} {[%emt 00:05:22]} 20. Rxc8 {[%clk
01:08:04]} {[%emt 00:11:54]} Qxc8 {[%clk 00:52:33]} {[%emt 00:00:29]} 21. Qc2
{[%clk 01:07:57]} {[%emt 00:00:37]} Qb7 {[%clk 00:45:02]} {[%emt 00:08:02]} 22.
Qb3 {[%clk 01:05:25]} {[%emt 00:03:01]} Kh7 {[%clk 00:42:58]} {[%emt 00:02:35]}
23. Ned3 {[%clk 01:00:36]} {[%emt 00:05:18]} Rc8 {[%clk 00:33:02]} {[%emt
00:10:26]} 24. Rc1 {[%clk 00:57:04]} {[%emt 00:04:02]} g4 {[%clk 00:31:50]}
{[%emt 00:01:42]} 25. Rxc8 {[%clk 00:52:33]} {[%emt 00:05:02]} Qxc8 {[%clk
00:31:34]} {[%emt 00:00:46]} 26. Qc2 {[%clk 00:51:40]} {[%emt 00:01:22]} Qb7
{[%clk 00:31:06]} {[%emt 00:00:59]} 27. Qc3 {[%clk 00:43:50]} {[%emt 00:08:20]}
Bh6 {[%clk 00:20:41]} {[%emt 00:10:55]} 28. a3 {[%clk 00:37:51]} {[%emt
00:06:29]} gxf3 {[%clk 00:13:01]} {[%emt 00:08:10]} 29. gxf3 {[%clk 00:35:37]}
{[%emt 00:02:43]} Bh3 {[%clk 00:12:58]} {[%emt 00:00:33]} 30. Ne1 {[%clk
00:33:20]} {[%emt 00:02:47]} Ng6 {[%clk 00:09:59]} {[%emt 00:03:29]} 31. Qd3
{[%clk 00:28:10]} {[%emt 00:05:40]} Bg5 {[%clk 00:09:28]} {[%emt 00:01:00]} 32.
Bf1 {[%clk 00:26:45]} {[%emt 00:01:55]} Bxf1 {[%clk 00:09:38]} {[%emt
00:00:21]} 33. Qxf1 {[%clk 00:26:43]} {[%emt 00:00:32]} Bh4 {[%clk 00:09:43]}
{[%emt 00:00:26]} 34. Nc6 {[%clk 00:24:57]} {[%emt 00:02:16]} Bxf2+ {[%clk
00:06:16]} {[%emt 00:03:57]} 35. Qxf2 {[%clk 00:25:15]} {[%emt 00:00:12]} Ne7
{[%clk 00:06:25]} {[%emt 00:00:21]} 36. Qa7 {[%clk 00:19:24]} {[%emt 00:06:21]}
Qxa7+ {[%clk 00:06:39]} {[%emt 00:00:16]} 37. Nxa7 {[%clk 00:19:52]} {[%emt
00:00:02]} Ne8 {[%clk 00:06:32]} {[%emt 00:00:36]} 38. Nd3 {[%clk 00:19:43]}
{[%emt 00:00:39]} Kg6 {[%clk 00:06:27]} {[%emt 00:00:35]} 39. Nb4 {[%clk
00:16:10]} {[%emt 00:04:03]} Nc7 {[%clk 00:06:36]} {[%emt 00:00:22]} 40. Nac6
{[%clk 00:15:55]} {[%emt 00:00:45]} Nxc6 {[%clk 00:06:33]} {[%emt 00:00:32]}
41. dxc6 {[%clk 00:10:27]} {[%emt 00:05:58]} Kf7 {[%clk 00:06:14]} {[%emt
00:00:50]} 42. Nd5 {[%clk 00:10:24]} {[%emt 00:00:33]} Nxd5 {[%clk 00:06:39]}
{[%emt 00:00:05]} 43. exd5 {[%clk 00:10:49]} {[%emt 00:00:04]} Ke7 {[%clk
00:07:00]} {[%emt 00:00:09]} 44. b3 {[%clk 00:09:53]} {[%emt 00:01:26]} Kd8
{[%clk 00:06:40]} {[%emt 00:00:51]} 45. b4 {[%clk 00:01:12]} {[%emt 00:09:10]}
Kc7 {[%clk 00:06:31]} {[%emt 00:00:39]} 46. Kg2 {[%clk 00:01:05]} {[%emt
00:00:37]} Kd8 {[%clk 00:06:45]} {[%emt 00:00:17]} 47. Kh3 {[%clk 00:29:22]}
{[%emt 00:02:12]} Kc8 {[%clk 00:36:13]} {[%emt 00:01:02]} 48. Kh4 {[%clk
00:29:27]} {[%emt 00:00:25]} Kd8 {[%clk 00:36:27]} {[%emt 00:00:16]} 49. Kg5
{[%clk 00:29:39]} {[%emt 00:00:18]} Kc8 {[%clk 00:36:20]} {[%emt 00:00:37]} 50.
Kf5 {[%clk 00:29:41]} {[%emt 00:00:29]} Kc7 {[%clk 00:36:33]} {[%emt 00:00:17]}
51. Ke6 {[%clk 00:17:12]} {[%emt 00:12:58]} e4 {[%clk 00:30:49]} {[%emt
00:06:14]} 52. fxe4 {[%clk 00:17:31]} {[%emt 00:00:12]} f3 {[%clk 00:31:14]}
{[%emt 00:00:04]} 53. e5 {[%clk 00:17:48]} {[%emt 00:00:13]} dxe5 {[%clk
00:31:11]} {[%emt 00:00:33]} 54. d6+ {[%clk 00:18:13]} {[%emt 00:00:05]} Kxc6
{[%clk 00:31:25]} {[%emt 00:00:16]} 55. d7 {[%clk 00:18:38]} {[%emt 00:00:05]}
f2 {[%clk 00:31:00]} {[%emt 00:00:55]} 56. d8=Q {[%clk 00:19:02]} {[%emt
00:00:07]} f1=Q {[%clk 00:31:16]} {[%emt 00:00:13]} 57. Qd6+ {[%clk 00:16:51]}
{[%emt 00:02:41]} Kb7 {[%clk 00:30:20]} {[%emt 00:01:25]} 58. Qxe5 {[%clk
00:15:43]} {[%emt 00:01:40]} Qh3+ {[%clk 00:27:10]} {[%emt 00:03:39]} 59. Kd6
{[%clk 00:15:26]} {[%emt 00:00:47]} Qxa3 {[%clk 00:24:48]} {[%emt 00:02:52]}
60. Qd5+ {[%clk 00:14:34]} {[%emt 00:01:22]} Kb8 {[%clk 00:23:59]} {[%emt
00:01:19]} 61. Qg8+ {[%clk 00:14:40]} {[%emt 00:00:24]} Kb7 {[%clk 00:22:57]}
{[%emt 00:01:33]} 62. Qf7+ {[%clk 00:14:57]} {[%emt 00:00:13]} Ka8 {[%clk
00:22:17]} {[%emt 00:01:07]} 63. Qe8+ {[%clk 00:15:14]} {[%emt 00:00:15]} Kb7
{[%clk 00:22:11]} {[%emt 00:00:35]} 64. Qe7+ {[%clk 00:15:02]} {[%emt
00:00:43]} Kb8 {[%clk 00:22:14]} {[%emt 00:00:26]} 65. Qc7+ {[%clk 00:14:19]}
{[%emt 00:01:14]} Ka8 {[%clk 00:22:35]} {[%emt 00:00:10]} 66. Qc6+ {[%clk
00:14:42]} {[%emt 00:00:06]} Kb8 {[%clk 00:23:00]} {[%emt 00:00:05]} 67. Qb6+
{[%clk 00:13:36]} {[%emt 00:01:37]} Ka8 {[%clk 00:23:19]} {[%emt 00:00:10]} 68.
Qd8+ {[%clk 00:13:54]} {[%emt 00:00:11]} Kb7 {[%clk 00:23:12]} {[%emt
00:00:37]} 69. Qe7+ {[%clk 00:11:43]} {[%emt 00:02:41]} Ka8 {[%clk 00:23:18]}
{[%emt 00:00:24]} 70. Kc6 {[%clk 00:06:04]} {[%emt 00:06:10]} Qc1+ {[%clk
00:20:38]} {[%emt 00:03:09]} 71. Kb6 {[%clk 00:05:56]} {[%emt 00:00:40]} Qh6+
{[%clk 00:20:01]} {[%emt 00:01:07]} 72. Kc7 {[%clk 00:06:03]} {[%emt 00:00:22]}
Qf4+ {[%clk 00:19:44]} {[%emt 00:00:47]} 73. Kb6 {[%clk 00:06:15]} {[%emt
00:00:19]} Qh6+ {[%clk 00:20:02]} {[%emt 00:00:08]} 1/2-1/2

[Event "DVM U20 2020"]
[Site "Willingen GER"]
[Date "2021.06.26"]
[Round "5"]
[White "Nicklaus, Timm"]
[Black "Klugstedt, Vincent"]
[Result "1-0"]
[Termination "normal"]
[Board "2.5"]
[WhiteElo "1727"]
[BlackElo "1928"]
[WhiteClock "00:49:41"]
[BlackClock "00:41:48"]
[WhiteTeam "Schachklub König Plauen"]
[BlackTeam "Schachgesellschaft Bochum 1931"]
[PlyCount "43"]
[WhiteFideId "12957143"]
[BlackFideId "16216393"]
[EventCountry "GER"]
[EventRounds "7"]
[EventType "team-swiss"]
[EventDate "2021.06.23"]

1. Nf3 {[%clk 01:30:58]} {[%emt 00:00:02]} Nf6 {[%clk 01:30:49]} {[%emt
00:00:11]} 2. g3 {[%clk 01:31:21]} {[%emt 00:00:07]} d5 {[%clk 01:30:16]}
{[%emt 00:01:02]} 3. Bg2 {[%clk 01:31:44]} {[%emt 00:00:07]} c5 {[%clk
01:29:53]} {[%emt 00:00:53]} 4. O-O {[%clk 01:31:57]} {[%emt 00:00:18]} Nc6
{[%clk 01:29:05]} {[%emt 00:01:17]} 5. d3 {[%clk 01:31:48]} {[%emt 00:00:39]}
Bf5 {[%clk 01:26:55]} {[%emt 00:02:40]} 6. Nbd2 {[%clk 01:31:55]} {[%emt
00:00:23]} e5 {[%clk 01:25:05]} {[%emt 00:02:21]} 7. e4 {[%clk 01:12:27]}
{[%emt 00:19:58]} dxe4 {[%clk 01:23:38]} {[%emt 00:01:56]} 8. dxe4 {[%clk
01:12:45]} {[%emt 00:00:12]} Be6 {[%clk 01:18:57]} {[%emt 00:05:11]} 9. c3
{[%clk 01:10:20]} {[%emt 00:02:55]} h6 {[%clk 01:18:19]} {[%emt 00:01:08]} 10.
Re1 {[%clk 01:09:49]} {[%emt 00:01:02]} Bd6 {[%clk 01:17:44]} {[%emt 00:01:04]}
11. Qe2 {[%clk 01:08:22]} {[%emt 00:01:57]} O-O {[%clk 01:17:45]} {[%emt
00:00:29]} 12. Nf1 {[%clk 01:08:08]} {[%emt 00:00:45]} c4 {[%clk 01:14:53]}
{[%emt 00:03:21]} 13. h3 {[%clk 01:07:49]} {[%emt 00:00:50]} b5 {[%clk
01:13:25]} {[%emt 00:01:58]} 14. g4 {[%clk 01:07:32]} {[%emt 00:00:47]} Nd7
{[%clk 01:11:29]} {[%emt 00:02:25]} 15. Ng3 {[%clk 01:03:43]} {[%emt 00:04:20]}
Nc5 {[%clk 01:10:32]} {[%emt 00:01:26]} 16. Be3 {[%clk 01:01:51]} {[%emt
00:02:22]} Qe7 {[%clk 01:06:49]} {[%emt 00:04:13]} 17. g5 {[%clk 01:00:36]}
{[%emt 00:01:46]} hxg5 {[%clk 00:55:59]} {[%emt 00:11:20]} 18. Nxg5 {[%clk
01:00:42]} {[%emt 00:00:23]} f6 {[%clk 00:55:10]} {[%emt 00:01:19]} 19. Nxe6
{[%clk 01:00:07]} {[%emt 00:01:06]} Qxe6 {[%clk 00:55:11]} {[%emt 00:00:28]}
20. Nf5 {[%clk 00:59:40]} {[%emt 00:00:58]} Rad8 {[%clk 00:44:38]} {[%emt
00:11:01]} 21. Qg4 {[%clk 00:50:12]} {[%emt 00:09:59]} Rd7 {[%clk 00:41:48]}
{[%emt 00:03:20]} 22. Bxc5 {[%clk 00:49:41]} {[%emt 00:01:01]} 1-0

[Event "DVM U20 2020"]
[Site "Willingen GER"]
[Date "2021.06.26"]
[Round "5"]
[White "Gluma, Christian"]
[Black "Melitzki, Richard"]
[Result "1-0"]
[Termination "normal"]
[Board "2.6"]
[WhiteElo "1864"]
[BlackElo "1425"]
[WhiteClock "00:14:02"]
[BlackClock "00:38:41"]
[WhiteTeam "Schachgesellschaft Bochum 1931"]
[BlackTeam "Schachklub König Plauen"]
[PlyCount "57"]
[WhiteFideId "16223209"]
[BlackFideId "16223420"]
[EventCountry "GER"]
[EventRounds "7"]
[EventType "team-swiss"]
[EventDate "2021.06.23"]

1. e4 {[%clk 01:30:58]} {[%emt 00:00:02]} c5 {[%clk 01:30:56]} {[%emt
00:00:04]} 2. Nf3 {[%clk 01:31:24]} {[%emt 00:00:04]} e6 {[%clk 01:31:17]}
{[%emt 00:00:09]} 3. d4 {[%clk 01:31:48]} {[%emt 00:00:07]} cxd4 {[%clk
01:31:41]} {[%emt 00:00:05]} 4. Nxd4 {[%clk 01:32:14]} {[%emt 00:00:04]} Nc6
{[%clk 01:31:43]} {[%emt 00:00:28]} 5. Nc3 {[%clk 01:32:38]} {[%emt 00:00:06]}
Qc7 {[%clk 01:31:47]} {[%emt 00:00:26]} 6. Ndb5 {[%clk 01:31:27]} {[%emt
00:01:40]} Qb8 {[%clk 01:32:08]} {[%emt 00:00:09]} 7. Bg5 {[%clk 01:26:35]}
{[%emt 00:05:23]} a6 {[%clk 01:32:22]} {[%emt 00:00:16]} 8. Nd4 {[%clk
01:26:52]} {[%emt 00:00:13]} Be7 {[%clk 01:30:37]} {[%emt 00:02:15]} 9. Bxe7
{[%clk 01:17:00]} {[%emt 00:10:22]} Ngxe7 {[%clk 01:30:50]} {[%emt 00:00:17]}
10. Qd2 {[%clk 01:15:08]} {[%emt 00:02:22]} b5 {[%clk 01:28:47]} {[%emt
00:02:33]} 11. O-O-O {[%clk 01:10:57]} {[%emt 00:04:40]} Bb7 {[%clk 01:23:15]}
{[%emt 00:06:03]} 12. Ndxb5 {[%clk 00:43:12]} {[%emt 00:28:16]} axb5 {[%clk
01:15:27]} {[%emt 00:08:17]} 13. Qxd7+ {[%clk 00:43:34]} {[%emt 00:00:07]} Kf8
{[%clk 01:15:50]} {[%emt 00:00:07]} 14. Nxb5 {[%clk 00:42:10]} {[%emt
00:01:55]} Ne5 {[%clk 01:13:07]} {[%emt 00:03:12]} 15. Qd4 {[%clk 00:39:50]}
{[%emt 00:02:48]} Bc6 {[%clk 00:48:26]} {[%emt 00:25:13]} 16. Nd6 {[%clk
00:36:07]} {[%emt 00:04:13]} Rxa2 {[%clk 00:44:41]} {[%emt 00:04:16]} 17. Qxe5
{[%clk 00:29:58]} {[%emt 00:06:39]} Qb4 {[%clk 00:44:56]} {[%emt 00:00:14]} 18.
Kb1 {[%clk 00:29:50]} {[%emt 00:00:38]} Qa4 {[%clk 00:45:07]} {[%emt 00:00:19]}
19. b3 {[%clk 00:30:09]} {[%emt 00:00:11]} Qa3 {[%clk 00:44:09]} {[%emt
00:01:29]} 20. Nc4 {[%clk 00:30:29]} {[%emt 00:00:10]} Qa8 {[%clk 00:43:54]}
{[%emt 00:00:44]} 21. Qd4 {[%clk 00:28:51]} {[%emt 00:02:08]} Be8 {[%clk
00:43:42]} {[%emt 00:00:43]} 22. Nb6 {[%clk 00:23:16]} {[%emt 00:06:05]} Qa3
{[%clk 00:43:14]} {[%emt 00:00:58]} 23. Nc4 {[%clk 00:23:29]} {[%emt 00:00:17]}
Qa8 {[%clk 00:43:29]} {[%emt 00:00:14]} 24. Be2 {[%clk 00:22:02]} {[%emt
00:01:58]} Nc6 {[%clk 00:41:57]} {[%emt 00:02:02]} 25. Qc3 {[%clk 00:21:13]}
{[%emt 00:01:19]} Ne7 {[%clk 00:40:56]} {[%emt 00:01:30]} 26. Bf3 {[%clk
00:18:58]} {[%emt 00:02:45]} Ra6 {[%clk 00:40:18]} {[%emt 00:01:09]} 27. Rd2
{[%clk 00:16:46]} {[%emt 00:02:42]} Qc8 {[%clk 00:39:27]} {[%emt 00:01:18]} 28.
Rhd1 {[%clk 00:14:59]} {[%emt 00:02:20]} Qc5 {[%clk 00:38:41]} {[%emt
00:01:16]} 29. Rd8 {[%clk 00:14:02]} {[%emt 00:01:26]} 1-0

[Event "DVM U20 2020"]
[Site "Willingen GER"]
[Date "2021.06.26"]
[Round "5"]
[White "Kracht, Raphael"]
[Black "Vuckovic, Zarko"]
[Result "0-1"]
[Termination "normal"]
[Board "3.1"]
[WhiteElo "2109"]
[BlackElo "2241"]
[WhiteClock "00:02:38"]
[BlackClock "00:45:05"]
[WhiteTeam "Schachfreunde Brackel 1930 e. V."]
[BlackTeam "Schachfreunde Augsburg"]
[PlyCount "68"]
[WhiteFideId "16214382"]
[BlackFideId "12952087"]
[EventCountry "GER"]
[EventRounds "7"]
[EventType "team-swiss"]
[EventDate "2021.06.23"]

1. e4 {[%clk 01:30:57]} {[%emt 00:00:02]} c5 {[%clk 01:30:57]} {[%emt
00:00:03]} 2. d4 {[%clk 01:31:22]} {[%emt 00:00:05]} cxd4 {[%clk 01:31:24]}
{[%emt 00:00:03]} 3. c3 {[%clk 01:31:42]} {[%emt 00:00:10]} dxc3 {[%clk
01:31:51]} {[%emt 00:00:04]} 4. Nxc3 {[%clk 01:32:07]} {[%emt 00:00:04]} e6
{[%clk 01:32:17]} {[%emt 00:00:04]} 5. Nf3 {[%clk 01:32:34]} {[%emt 00:00:03]}
a6 {[%clk 01:32:43]} {[%emt 00:00:04]} 6. Bc4 {[%clk 01:33:01]} {[%emt
00:00:03]} b5 {[%clk 01:33:10]} {[%emt 00:00:03]} 7. Bb3 {[%clk 01:33:28]}
{[%emt 00:00:03]} Bb7 {[%clk 01:33:35]} {[%emt 00:00:04]} 8. O-O {[%clk
01:33:11]} {[%emt 00:00:48]} Ne7 {[%clk 01:33:48]} {[%emt 00:00:17]} 9. Bg5
{[%clk 01:33:35]} {[%emt 00:00:06]} h6 {[%clk 01:34:05]} {[%emt 00:00:14]} 10.
Be3 {[%clk 01:33:37]} {[%emt 00:00:28]} Ng6 {[%clk 01:34:04]} {[%emt 00:00:31]}
11. Nd4 {[%clk 01:18:30]} {[%emt 00:15:36]} Be7 {[%clk 01:32:51]} {[%emt
00:01:43]} 12. f4 {[%clk 01:13:30]} {[%emt 00:05:31]} O-O {[%clk 01:32:03]}
{[%emt 00:01:17]} 13. Qh5 {[%clk 00:59:30]} {[%emt 00:14:29]} Nc6 {[%clk
01:17:13]} {[%emt 00:15:20]} 14. f5 {[%clk 00:55:17]} {[%emt 00:04:44]} Nge5
{[%clk 01:11:04]} {[%emt 00:06:39]} 15. Rad1 {[%clk 00:25:08]} {[%emt
00:30:40]} Bg5 {[%clk 01:03:31]} {[%emt 00:08:02]} 16. Bf2 {[%clk 00:24:18]}
{[%emt 00:01:20]} Qc7 {[%clk 01:02:35]} {[%emt 00:01:26]} 17. h4 {[%clk
00:20:18]} {[%emt 00:04:31]} Bf6 {[%clk 01:02:09]} {[%emt 00:00:55]} 18. g4
{[%clk 00:17:54]} {[%emt 00:02:54]} Nc4 {[%clk 00:56:06]} {[%emt 00:06:33]} 19.
Nxc6 {[%clk 00:17:19]} {[%emt 00:01:04]} Qxc6 {[%clk 00:55:50]} {[%emt
00:00:47]} 20. Rde1 {[%clk 00:06:45]} {[%emt 00:11:03]} Nd2 {[%clk 00:50:30]}
{[%emt 00:05:50]} 21. g5 {[%clk 00:05:37]} {[%emt 00:01:39]} Bxc3 {[%clk
00:50:55]} {[%emt 00:00:05]} 22. bxc3 {[%clk 00:04:47]} {[%emt 00:01:19]} Nxe4
{[%clk 00:50:54]} {[%emt 00:00:32]} 23. Qg4 {[%clk 00:01:59]} {[%emt 00:03:18]}
Ng3 {[%clk 00:50:35]} {[%emt 00:00:49]} 24. Qh3 {[%clk 00:02:04]} {[%emt
00:00:25]} Nxf1 {[%clk 00:49:58]} {[%emt 00:01:06]} 25. Rxf1 {[%clk 00:02:28]}
{[%emt 00:00:06]} Qf3 {[%clk 00:48:28]} {[%emt 00:02:01]} 26. Qxf3 {[%clk
00:01:56]} {[%emt 00:01:02]} Bxf3 {[%clk 00:48:50]} {[%emt 00:00:08]} 27. Bd4
{[%clk 00:02:16]} {[%emt 00:00:10]} Be4 {[%clk 00:47:04]} {[%emt 00:02:15]} 28.
gxh6 {[%clk 00:01:54]} {[%emt 00:00:53]} gxh6 {[%clk 00:44:33]} {[%emt
00:03:01]} 29. Kh2 {[%clk 00:01:40]} {[%emt 00:00:44]} Kh7 {[%clk 00:44:35]}
{[%emt 00:00:28]} 30. f6 {[%clk 00:01:47]} {[%emt 00:00:23]} Rg8 {[%clk
00:44:46]} {[%emt 00:00:19]} 31. Rf2 {[%clk 00:02:00]} {[%emt 00:00:17]} Rg4
{[%clk 00:44:06]} {[%emt 00:01:09]} 32. Re2 {[%clk 00:02:17]} {[%emt 00:00:14]}
Rag8 {[%clk 00:44:15]} {[%emt 00:00:20]} 33. Rxe4 {[%clk 00:02:12]} {[%emt
00:00:35]} Rxe4 {[%clk 00:44:40]} {[%emt 00:00:06]} 34. Bc2 {[%clk 00:02:38]}
{[%emt 00:00:03]} d5 {[%clk 00:45:05]} {[%emt 00:00:05]} 0-1

[Event "DVM U20 2020"]
[Site "Willingen GER"]
[Date "2021.06.26"]
[Round "5"]
[White "Weller, Uli"]
[Black "Garbuz, Vitaliy"]
[Result "1-0"]
[Termination "normal"]
[Board "3.2"]
[WhiteElo "2144"]
[BlackElo "2112"]
[WhiteClock "00:19:02"]
[BlackClock "00:36:27"]
[WhiteTeam "Schachfreunde Augsburg"]
[BlackTeam "Schachfreunde Brackel 1930 e. V."]
[PlyCount "55"]
[WhiteFideId "12971782"]
[BlackFideId "12990710"]
[EventCountry "GER"]
[EventRounds "7"]
[EventType "team-swiss"]
[EventDate "2021.06.23"]

1. e4 {[%clk 01:30:58]} {[%emt 00:00:02]} e5 {[%clk 01:30:35]} {[%emt
00:00:26]} 2. Nf3 {[%clk 01:30:56]} {[%emt 00:00:31]} Nc6 {[%clk 01:31:00]}
{[%emt 00:00:05]} 3. d4 {[%clk 01:30:43]} {[%emt 00:00:43]} exd4 {[%clk
01:31:25]} {[%emt 00:00:05]} 4. Bc4 {[%clk 01:31:05]} {[%emt 00:00:07]} Nf6
{[%clk 01:31:11]} {[%emt 00:00:45]} 5. e5 {[%clk 01:31:17]} {[%emt 00:00:18]}
d5 {[%clk 01:31:32]} {[%emt 00:00:08]} 6. Bb5 {[%clk 01:31:32]} {[%emt
00:00:16]} Nd7 {[%clk 01:31:54]} {[%emt 00:00:08]} 7. O-O {[%clk 01:28:07]}
{[%emt 00:03:55]} Be7 {[%clk 01:31:52]} {[%emt 00:00:32]} 8. Qe2 {[%clk
01:21:48]} {[%emt 00:06:49]} O-O {[%clk 01:29:01]} {[%emt 00:03:21]} 9. Bxc6
{[%clk 01:17:11]} {[%emt 00:05:07]} bxc6 {[%clk 01:29:25]} {[%emt 00:00:06]}
10. Nxd4 {[%clk 01:17:19]} {[%emt 00:00:21]} Nb8 {[%clk 01:29:02]} {[%emt
00:00:54]} 11. Re1 {[%clk 01:14:31]} {[%emt 00:03:18]} c5 {[%clk 01:16:50]}
{[%emt 00:12:42]} 12. Nf3 {[%clk 01:14:30]} {[%emt 00:00:31]} Bg4 {[%clk
01:14:15]} {[%emt 00:03:05]} 13. h3 {[%clk 01:13:53]} {[%emt 00:01:07]} Bh5
{[%clk 01:13:04]} {[%emt 00:01:41]} 14. Nbd2 {[%clk 01:06:43]} {[%emt
00:07:39]} Nc6 {[%clk 01:10:09]} {[%emt 00:03:25]} 15. g4 {[%clk 00:53:37]}
{[%emt 00:13:36]} Bg6 {[%clk 01:10:32]} {[%emt 00:00:08]} 16. Nf1 {[%clk
00:53:53]} {[%emt 00:00:14]} Qd7 {[%clk 01:07:29]} {[%emt 00:03:33]} 17. a3
{[%clk 00:48:35]} {[%emt 00:05:48]} h5 {[%clk 01:05:15]} {[%emt 00:02:43]} 18.
N1h2 {[%clk 00:41:14]} {[%emt 00:07:52]} Rab8 {[%clk 01:00:24]} {[%emt
00:05:21]} 19. b3 {[%clk 00:35:22]} {[%emt 00:06:22]} a5 {[%clk 00:56:58]}
{[%emt 00:03:56]} 20. Bf4 {[%clk 00:28:17]} {[%emt 00:07:34]} a4 {[%clk
00:55:37]} {[%emt 00:01:52]} 21. bxa4 {[%clk 00:28:01]} {[%emt 00:00:46]} Rb2
{[%clk 00:54:01]} {[%emt 00:02:06]} 22. Rac1 {[%clk 00:25:28]} {[%emt
00:03:03]} Na5 {[%clk 00:43:12]} {[%emt 00:11:18]} 23. e6 {[%clk 00:19:46]}
{[%emt 00:06:12]} Qxa4 {[%clk 00:43:04]} {[%emt 00:00:39]} 24. exf7+ {[%clk
00:19:54]} {[%emt 00:00:21]} Rxf7 {[%clk 00:43:20]} {[%emt 00:00:14]} 25. Ne5
{[%clk 00:19:56]} {[%emt 00:00:29]} Rxf4 {[%clk 00:37:17]} {[%emt 00:06:33]}
26. Nxg6 {[%clk 00:20:07]} {[%emt 00:00:18]} Re4 {[%clk 00:36:33]} {[%emt
00:01:15]} 27. Nxe7+ {[%clk 00:19:19]} {[%emt 00:01:17]} Kf7 {[%clk 00:36:27]}
{[%emt 00:00:37]} 28. Qd2 {[%clk 00:19:02]} {[%emt 00:00:47]} 1-0